000 00477nam a2200145 a 4500
001 000046561
005 20201002052948.0
008 150826s1988 dr a 000 spa d
040 _aDO-SdBNP
_bspa
_BNPHU
100 _aRoyuela, José Antonio
_937691
245 0 _aEspañol estructural :
_b4 to. curso /
_cJosé Antonio Royuela, Ynés Constanzo Martínez.
260 _aSanto Domingo :
_aQuisqueyana,
_c1988.
300 _a194 p. :
_bil. ;
_c25 cm.
590 _aInventariado, 2018/DG
999 _c46050
_d46050